[Event "Dhaka Chowdhury Memorial op-B 2nd"]
[Site "Dhaka"]
[Date "2022.07.02"]
[Round "1"]
[White "Md Sajidul, Haque"]
[Black "Hemal, Mahmud"]
[Result "1-0"]
[WhiteElo "1875"]
[BlackElo "1562"]
[PlyCount "91"]
[EventDate "2022.07.02"]
[EventType "swiss"]
[EventRounds "9"]
[EventCountry "BAN"]
[SourceTitle "EXT 2023"]
[Source "ChessBase"]
[SourceDate "2022.10.05"]
[SourceVersion "1"]
[SourceVersionDate "2022.10.05"]
[SourceQuality "1"]

1. e4 e5 2. Nf3 Nc6 3. Bb5 a6 4. Ba4 Bc5 5. 0-0 Nge7 6. c3 b5 7. Bb3 Ng6 8. d4 Ba7 9. Ng5 0-0 10. Qh5 h6 11. Nxf7 Rxf7 12. Qxg6 Qf6 13. Qxf6 gxf6 14. Bxf7+ Kxf7 15. d5 Ne7 16. Bxh6 d6 17. Be3 Bxe3 18. fxe3 Bd7 19. b3 Rg8 20. Nd2 Rg6 21. Rf2 Ng8 22. Raf1 Nh6 23. Rf3 Ke7 24. Rg3 Rxg3 25. hxg3 Ng4 26. Rf3 Kf7 27. Nf1 Kg6 28. Nh2 Nh6 29. Kf2 Nf7 30. Ke2 Ng5 31. Kd3 Nxe4 32. Kxe4 f5+ 33. Kd3 e4+ 34. Kd4 exf3 35. gxf3 Kf6 36. c4 c5+ 37. dxc6 Bxc6 38. c5 d5 39. g4 fxg4 40. Nxg4+ Ke6 41. Ne5 Ba8 42. c6 Kd6 43. f4 Bxc6 44. Nxc6 Kxc6 45. f5 Kd6 46. f6 1-0

[Event "Dhaka Marcel op"]
[Site "Dhaka"]
[Date "2022.04.26"]
[Round "8"]
[White "Ghosh, Abhijit"]
[Black "Md Sajidul, Haque"]
[Result "1/2-1/2"]
[WhiteElo "2022"]
[BlackElo "1766"]
[PlyCount "160"]
[EventDate "2022.04.19"]
[EventType "swiss"]
[EventRounds "9"]
[EventCountry "BAN"]
[SourceTitle "EXT 2023"]
[Source "ChessBase"]
[SourceDate "2022.10.05"]
[SourceVersion "1"]
[SourceVersionDate "2022.10.05"]
[SourceQuality "1"]

1. e4 c6 2. Nf3 d5 3. exd5 cxd5 4. Bb5+ Nc6 5. Ne5 Qb6 6. Qf3 Nf6 7. Nc3 e6 8. d3 Bd6 9. Ng4 Nd7 10. Bxc6 bxc6 11. 0-0 0-0 12. Ne2 f5 13. Ne3 Ne5 14. Qh5 Bd7 15. b3 Rf6 16. Nd1 Rg6 17. Nf4 Rg4 18. Qh3 g5 19. Ne2 Ng6 20. g3 Nh4 21. Ne3 e5 22. Rd1 h5 23. Nxg4 hxg4 24. Qf1 Nf3+ 25. Kg2 d4 26. Ng1 c5 27. Nxf3 Qb7 28. h4 Qxf3+ 29. Kh2 f4 30. Qg2 Qxg2+ 31. Kxg2 Bc6+ 32. Kh2 Kf7 33. Re1 Bf3 34. Rh1 Rh8 35. Kg1 Bxh1 36. Kxh1 gxh4 37. gxh4 Rxh4+ 38. Kg2 g3 39. fxg3 Rg4 40. Bd2 Rxg3+ 41. Kf2 Be7 42. Rh1 Kg7 43. a3 Rg4 44. Kf3 Rh4 45. Rxh4 Bxh4 46. c3 Bd8 47. c4 a5 48. b4 axb4 49. axb4 cxb4 50. Bxb4 Kf6 51. Ke4 Ke6 52. Bc5 Be7 53. Bb6 Bf6 54. Ba5 Kd6 55. Kf5 Bh4 56. Bb4+ Kc6 57. Ke4 Bg3 58. Be7 Kd7 59. Bf6 f3 60. Kxf3 Bf4 61. Ke4 Ke6 62. Bh4 Kd6 63. Bf2 Bh6 64. Bg3 Bg7 65. Kf5 Bh8 66. Bh4 Bg7 67. Bg3 Bh8 68. Bh4 Kd7 69. Bg5 Bg7 70. Bd2 Kc6 71. Bb4 Bh8 72. Ke6 e4 73. dxe4 d3 74. Kf5 Bd4 75. Kf4 Bg1 76. Kf3 Bc5 77. Bc3 Bg1 78. e5 Kc5 79. e6 Kd6 80. Ke4 Kxe6 1/2-1/2

[Event "Dhaka Marcel op"]
[Site "Dhaka"]
[Date "2022.04.25"]
[Round "7"]
[White "Md Sajidul, Haque"]
[Black "Preetam, Barua"]
[Result "1-0"]
[WhiteElo "1766"]
[BlackElo "1379"]
[PlyCount "159"]
[EventDate "2022.04.19"]
[EventType "swiss"]
[EventRounds "9"]
[EventCountry "BAN"]
[SourceTitle "EXT 2023"]
[Source "ChessBase"]
[SourceDate "2022.10.05"]
[SourceVersion "1"]
[SourceVersionDate "2022.10.05"]
[SourceQuality "1"]

1. e4 d6 2. d4 Nf6 3. Bd3 c6 4. c4 g6 5. f3 Bg7 6. Ne2 e5 7. d5 c5 8. Nbc3 a6 9. 0-0 0-0 10. Be3 Bd7 11. Qd2 Qe7 12. Bh6 Be8 13. Ng3 Nbd7 14. Bxg7 Kxg7 15. Qg5 Qd8 16. Nf5+ Kh8 17. Nxd6 Qc7 18. Nxe8 Nxe8 19. Qe7 Qd6 20. Qxd6 Nxd6 21. a3 Kg7 22. Rab1 Nb6 23. b3 g5 24. Rfc1 Rfc8 25. Ne2 Nd7 26. b4 Rab8 27. Ng3 Kg6 28. Bf1 b6 29. Nf5 Nxf5 30. exf5+ Kf6 31. Bd3 h5 32. Rb3 a5 33. bxa5 bxa5 34. Rcb1 Rxb3 35. Rxb3 Rb8 36. Rxb8 Nxb8 37. d6 Nc6 38. Be4 Nd8 39. Kf2 Kg7 40. Bc2 f6 41. Ba4 Kf8 42. Ke3 Nb7 43. d7 Ke7 44. Ke4 Kd6 45. h3 h4 46. Bb5 Nd8 47. Ba6 Nc6 48. Bc8 Nd8 49. Kd3 Kc6 50. Kc3 Kc7 51. Kb3 Kc6 52. Ba6 Kb6 53. Bb5 Kc7 54. Kc2 Kd6 55. Kd3 Kc7 56. Ke4 Kd6 57. Ba6 Nc6 58. Bb5 Nd8 59. Ke3 Kc7 60. Kf2 Nf7 61. Ke3 Nd6 62. Kd3 Nf7 63. Ke4 Kd6 64. Ke3 Kc7 65. Kf2 Nd6 66. g3 Nxf5 67. gxh4 gxh4 68. a4 Nd6 69. Ke3 f5 70. Kd3 Nf7 71. Ke3 Ng5 72. f4 exf4+ 73. Kxf4 Nxh3+ 74. Kxf5 Nf2 75. Kf4 Nd3+ 76. Ke4 Nf2+ 77. Ke3 Ng4+ 78. Kf4 h3 79. Kxg4 h2 80. d8Q+ 1-0

[Event "Dhaka Marcel op"]
[Site "Dhaka"]
[Date "2022.04.23"]
[Round "5"]
[White "Md Sajidul, Haque"]
[Black "Nasim Hossain, Bhuiyan"]
[Result "0-1"]
[WhiteElo "1766"]
[BlackElo "1871"]
[PlyCount "94"]
[EventDate "2022.04.19"]
[EventType "swiss"]
[EventRounds "9"]
[EventCountry "BAN"]
[SourceTitle "EXT 2023"]
[Source "ChessBase"]
[SourceDate "2022.10.05"]
[SourceVersion "1"]
[SourceVersionDate "2022.10.05"]
[SourceQuality "1"]

1. e4 e6 2. d4 d5 3. exd5 exd5 4. Bd3 Bd6 5. h3 Nf6 6. Qe2+ Be6 7. Nf3 0-0 8. Be3 Nbd7 9. Nbd2 c5 10. c3 c4 11. Bc2 Qb6 12. Rb1 Qa5 13. a3 Rfe8 14. g4 Nf8 15. Ne5 N6d7 16. f4 f6 17. Nxd7 Bxd7 18. Qf3 Rxe3+ 19. Qxe3 Re8 20. Be4 dxe4 21. Nxc4 Qc7 22. Nxd6 Qxd6 23. 0-0 Bb5 24. Rfe1 Ng6 25. Qg3 Qxf4 26. Qxf4 Nxf4 27. b3 Ne2+ 28. Kh2 Nxc3 29. Rbc1 Nd5 30. Rc5 Bc6 31. b4 Nf4 32. Rc3 a6 33. Rce3 Rd8 34. d5 Bxd5 35. Rd1 Nd3 36. Kg3 Rc8 37. h4 Rc2 38. Rf1 Ra2 39. Rf5 Bc6 40. Ra5 Ne5 41. Rc5 Ra1 42. Rcc3 Rg1+ 43. Kf2 Rxg4 44. a4 Nd3+ 45. Ke2 Nxb4 46. Rc4 Nd5 47. Rb3 f5 0-1

[Event "Dhaka Marcel op"]
[Site "Dhaka"]
[Date "2022.04.22"]
[Round "4"]
[White "Md Abu, Hanif"]
[Black "Md Sajidul, Haque"]
[Result "1/2-1/2"]
[WhiteElo "2020"]
[BlackElo "1766"]
[PlyCount "121"]
[EventDate "2022.04.19"]
[EventType "swiss"]
[EventRounds "9"]
[EventCountry "BAN"]
[SourceTitle "EXT 2023"]
[Source "ChessBase"]
[SourceDate "2022.10.05"]
[SourceVersion "1"]
[SourceVersionDate "2022.10.05"]
[SourceQuality "1"]

1. d4 d5 2. Bf4 Nf6 3. e3 e6 4. Nf3 c5 5. c3 Nc6 6. Nbd2 Bd6 7. Bg3 0-0 8. Bd3 Qe7 9. Ne5 Nd7 10. f4 f6 11. Nxd7 Bxd7 12. 0-0 e5 13. dxe5 fxe5 14. Qc2 c4 15. Bxh7+ Kh8 16. Bg6 Be8 17. Kh1 Bxg6 18. Qxg6 Rf6 19. Qg4 Raf8 20. Bh4 Qe6 21. Qxe6 Rxe6 22. f5 Rh6 23. Bg3 Ne7 24. e4 dxe4 25. Nxe4 Bc7 26. Bf2 Nxf5 27. Bc5 Rf7 28. g4 Nd6 29. Bxd6 Rxf1+ 30. Rxf1 Bxd6 31. g5 Re6 32. Rf7 Be7 33. Kg2 Kg8 34. Rf2 b5 35. a3 a5 36. Rd2 b4 37. axb4 axb4 38. Rd7 Kf8 39. Rc7 Ra6 40. Rxc4 Ra2 41. cxb4 Rxb2+ 42. Kf3 Rxb4 43. Rc6 Ke8 44. Re6 Kf7 45. Rxe5 g6 46. h4 Rb3+ 47. Kf4 Rh3 48. Kg4 Rb3 49. Ra5 Rb4 50. Kf3 Rb3+ 51. Ke2 Rh3 52. Ra4 Rb3 53. Nf2 Rb4 54. Rxb4 Bxb4 55. Kf3 Be1 56. Ke2 Ba5 57. Nd3 Ke6 58. Kf3 Kf5 59. Nf4 Be1 60. Ng2 Bxh4 61. Nxh4+ 1/2-1/2

[Event "Dhaka Marcel op"]
[Site "Dhaka"]
[Date "2022.04.19"]
[Round "1"]
[White "Md Sajidul, Haque"]
[Black "Masum, Hossain"]
[Result "0-1"]
[WhiteElo "1766"]
[BlackElo "2047"]
[PlyCount "104"]
[EventDate "2022.04.19"]
[EventType "swiss"]
[EventRounds "9"]
[EventCountry "BAN"]
[SourceTitle "EXT 2023"]
[Source "ChessBase"]
[SourceDate "2022.10.05"]
[SourceVersion "1"]
[SourceVersionDate "2022.10.05"]
[SourceQuality "1"]

1. e4 c5 2. Nf3 d6 3. d4 cxd4 4. Nxd4 Nf6 5. Nc3 e6 6. Bg5 Nbd7 7. Be2 a6 8. 0-0 b5 9. a3 Bb7 10. f3 Rc8 11. Qd2 Be7 12. Rad1 0-0 13. Nb3 Rc6 14. Nd4 Rc5 15. Be3 d5 16. Nb3 Rc7 17. exd5 Nxd5 18. Nxd5 Bxd5 19. Kh1 Qa8 20. Rc1 Rfc8 21. Bf4 e5 22. Be3 f5 23. Rfd1 Nf6 24. Bg5 Rd8 25. Qa5 Rdd7 26. a4 e4 27. Nd4 Bc5 28. Bxf6 gxf6 29. c4 Bxd4 30. cxd5 Rxc1 31. Rxc1 Bxb2 32. Rb1 Qxd5 33. Qxa6 Kg7 34. Qxb5 Qxb5 35. axb5 Rd2 36. Bf1 e3 37. Re1 Bc3 38. Re2 Rd1 39. Kg1 Bd2 40. g3 f4 41. Kg2 Kg6 42. g4 f5 43. h3 Rb1 44. gxf5+ Kxf5 45. h4 Kg6 46. Kg1 Kh5 47. Rh2 Be1 48. Kg2 Bg3 49. Rh1 Rb2+ 50. Kh3 e2 51. Bxe2 Rxe2 52. b6 Rb2 0-1

[Event "BAN-ch U20"]
[Site "Dhaka"]
[Date "2022.02.17"]
[Round "3"]
[White "Md Sajidul, Haque"]
[Black "Manon, Reja Neer"]
[Result "0-1"]
[WhiteElo "1766"]
[BlackElo "2209"]
[PlyCount "73"]
[EventDate "2022.02.15"]
[EventType "swiss"]
[EventRounds "9"]
[EventCountry "BAN"]
[SourceTitle "CBM 207 Extra"]
[Source "ChessBase"]
[SourceDate "2022.05.31"]
[SourceVersion "1"]
[SourceVersionDate "2022.05.31"]
[SourceQuality "1"]

1. e4 Nf6 2. e5 Nd5 3. c4 Nb6 4. d4 d6 5. exd6 cxd6 6. Nc3 g6 7. Bd3 Bg7 8. Nge2 Nc6 9. Be3 0-0 10. 0-0 Nb4 11. Ng3 d5 12. c5 Nxd3 13. Qxd3 Nc4 14. Bc1 b6 15. b3 Na5 16. Ba3 Nc6 17. Rfe1 Re8 18. Nce2 h5 19. Rac1 Bd7 20. b4 bxc5 21. dxc5 h4 22. Nf1 Bf5 23. Qa6 Qc7 24. Ne3 d4 25. Nxf5 gxf5 26. Red1 e5 27. b5 Nd8 28. b6 Qc6 29. Qd3 axb6 30. Qb3 bxc5 31. Bxc5 Qa6 32. Rc2 Ne6 33. Nc1 e4 34. a3 d3 35. Rc4 Rac8 36. Qb4 Rb8 37. Qa4 0-1

[Event "Dhaka Sheikh Russel op"]
[Site "Dhaka"]
[Date "2021.10.25"]
[Round "7"]
[White "Md Sajidul, Haque"]
[Black "Mohammed, Asaduzzaman"]
[Result "1-0"]
[WhiteElo "1757"]
[BlackElo "1746"]
[PlyCount "105"]
[EventDate "2021.10.19"]
[EventType "swiss"]
[EventRounds "9"]
[EventCountry "BAN"]
[SourceTitle "EXT 2023"]
[Source "ChessBase"]
[SourceDate "2022.10.05"]
[SourceVersion "1"]
[SourceVersionDate "2022.10.05"]
[SourceQuality "1"]

1. e4 e6 2. d4 d6 3. c3 Ne7 4. Nf3 f6 5. Bd3 g6 6. 0-0 Bg7 7. Re1 0-0 8. e5 Nbc6 9. exf6 Bxf6 10. Ng5 e5 11. dxe5 Nxe5 12. Bc2 d5 13. Bf4 Nf7 14. Ne6 Bxe6 15. Rxe6 Bg7 16. Nd2 c6 17. Qe2 Nc8 18. Nf3 Ncd6 19. h4 Re8 20. Re1 Qd7 21. Re7 Qg4 22. Bxd6 Nxd6 23. Qe3 b6 24. Bb3 Rf8 25. Qe6+ Qxe6 26. R1xe6 Rfe8 27. Rxe8+ Nxe8 28. Rxc6 Rd8 29. Ng5 Bf6 30. Ne6 Rd7 31. g3 Kf7 32. Nf4 Nc7 33. a4 Be5 34. Nd3 Bd6 35. Ba2 Ke7 36. b4 Rd8 37. b5 Kd7 38. Kg2 Re8 39. Bb3 Re2 40. Kf3 Re7 41. Nf4 Rf7 42. Ke3 Bxf4+ 43. gxf4 Rf5 44. Bd1 h5 45. Bc2 Rf8 46. Rxg6 Ne6 47. f5 d4+ 48. cxd4 Nc7 49. Be4 Rf7 50. Rh6 Re7 51. Kd3 a6 52. Bc6+ Kd8 53. Rh8+ 1-0

[Event "Dhaka Sheikh Russel op"]
[Site "Dhaka"]
[Date "2021.10.24"]
[Round "6"]
[White "Ahmed, Feroz"]
[Black "Md Sajidul, Haque"]
[Result "1-0"]
[WhiteElo "2014"]
[BlackElo "1757"]
[PlyCount "83"]
[EventDate "2021.10.19"]
[EventType "swiss"]
[EventRounds "9"]
[EventCountry "BAN"]
[SourceTitle "CBM 204 Extra"]
[Source "ChessBase"]
[SourceDate "2021.11.30"]
[SourceVersion "1"]
[SourceVersionDate "2021.11.30"]
[SourceQuality "1"]

1. c4 c6 2. d4 d5 3. cxd5 cxd5 4. Nc3 Nf6 5. Bf4 Nc6 6. e3 e6 7. Bd3 a6 8. Nf3 Be7 9. h3 b5 10. 0-0 Bb7 11. Rc1 0-0 12. Ne5 Nxe5 13. dxe5 Nd7 14. Ne2 Re8 15. Nd4 Nf8 16. Bh2 Qa5 17. Bb1 Rac8 18. Rxc8 Rxc8 19. f4 Bc5 20. f5 Qb6 21. fxe6 fxe6 22. Qh5 g6 23. Qg4 Bxd4 24. exd4 Qc7 25. Bf4 Qg7 26. Qh4 h5 27. Bg5 Nd7 28. Qf4 Rf8 29. Bf6 Nxf6 30. exf6 Qh7 31. Qg3 Kf7 32. Qc7+ Kg8 33. f7+ Kh8 34. Qxb7 Qg7 35. Qa7 a5 36. Kh1 b4 37. Qe7 a4 38. Qxe6 a3 39. bxa3 bxa3 40. Bxg6 Qxd4 41. Bb1 Qg7 42. Qf5 1-0

[Event "Dhaka Sheikh Russel op"]
[Site "Dhaka"]
[Date "2021.10.20"]
[Round "2"]
[White "Md Sajidul, Haque"]
[Black "Sadikhov, Ulvi Ramil Oglu"]
[Result "0-1"]
[WhiteElo "1757"]
[BlackElo "2517"]
[PlyCount "74"]
[EventDate "2021.10.19"]
[EventType "swiss"]
[EventRounds "9"]
[EventCountry "BAN"]
[SourceTitle "CBM 204 Extra"]
[Source "ChessBase"]
[SourceDate "2021.11.30"]
[SourceVersion "1"]
[SourceVersionDate "2021.11.30"]
[SourceQuality "1"]

1. e4 c5 2. Nf3 e6 3. d4 cxd4 4. Nxd4 a6 5. a3 Nf6 6. Nc3 Qc7 7. Be3 d6 8. Be2 b5 9. Qd2 Bb7 10. f3 Nbd7 11. 0-0 Be7 12. Rfd1 0-0 13. Rac1 Rfd8 14. Qe1 Ne5 15. Qf1 Rac8 16. a4 b4 17. Na2 d5 18. exd5 Nxd5 19. Bf2 Bg5 20. Kh1 Bxc1 21. Rxc1 Nc4 22. Qe1 Nxb2 23. Nxb4 Nxa4 24. c4 Nxb4 25. Qxb4 Nc5 26. Bg3 e5 27. Nf5 Qd7 28. Qb1 Qe6 29. Ne3 e4 30. f4 f5 31. Bf2 Rd2 32. Re1 Ba8 33. g4 Nd3 34. Bxd3 Rxf2 35. Be2 Qh6 36. Ng2 Qh3 37. Bf1 e3 0-1